000
00260nam a22001097a 4500
082
_a
954.91 SHA'C
100
_a
SHARMEEM, HUSSIAN KADRI, JUSTICE
_9
74557
245
_a
CREATION OF PAKISTAN
260
_a
LAHORE
_b
WAJID ALIS
_c
1982
300
_a
521P
942
_c
BK
999
_c
580072
_d
580072